Konvergencia inovačného outputu v EÚ
Teoretický a dátovo-analytický prehľad o inovačnom outpute v Európskej únii. Teoretická báza inovačného procesu a miestu inovačného outputu v ňom. Analýza vybraného identifikátora inovačnej aktivity v Európskej únii. Aplikácia postupov na sui generis región Viedeň - Bratislava.
Guardado en:
| Autor principal: | |
|---|---|
| Formato: | Capítulo de libro |
| Lenguaje: | eslovaco |
| Materias: | |
| Etiquetas: |
Sin Etiquetas, Sea el primero en etiquetar este registro!
|
MARC
| LEADER | 00000naa a2200000 4500 | ||
|---|---|---|---|
| 001 | 0149402 | ||
| 005 | 20240502072703.6 | ||
| 041 | 0 | |a slo | |
| 044 | |a SK | ||
| 245 | 1 | 0 | |a Konvergencia inovačného outputu v EÚ |c Paula Puškárová |
| 520 | |a Teoretický a dátovo-analytický prehľad o inovačnom outpute v Európskej únii. Teoretická báza inovačného procesu a miestu inovačného outputu v ňom. Analýza vybraného identifikátora inovačnej aktivity v Európskej únii. Aplikácia postupov na sui generis región Viedeň - Bratislava. | ||
| 610 | 2 | 0 | |a stratégia inovačná |
| 610 | 2 | 0 | |a Európska únia |
| 610 | 2 | 0 | |a konvergencia |
| 610 | 2 | 0 | |a input-output |
| 610 | 2 | 0 | |a zisťovanie štatistické |
| 100 | 1 | |a Puškárová, Paula, 1985- | |